00876nam a2200241Ia 4500001000600000003000900006008004100015040001300056040001300069041001300082100001800095100002900113245007000142245003800212250001100250260001200261260001400273260004900287300005700336500018400393650002600577650003100603H4910IT-RoPAU130308s9999 xx 000 0 und d aIT-RoPAU cIT-RoPAU aITALIANO aLaneve Cosimo gCodice Aut. SPICS: 33532 aVita degli affetti (La): descrizioni educative e linee didattiche bBambino tra Reale e virtuale (Il) a1a ed. aBRESCIA bLa Scuola c2000 [1° Ed.:2000 - Ed.Ling.Originale:2000] a"12 p. (prefazione: no ; testo: 12 [pagine: 85-96])" aDue Parole Sul Titolo. Verso una Nuova immagine dell'Uomo. L'Educazione Affettiva. nella Famiglia. La Scuola. Oltre la Didattica dell'Oscuro: Verso la Didattica della Modulazione. aDIDATTICA AUDIOVISIVA eCodice materia Spics: 4002